Statistics for Musical Acts by Letter W

Click here to take the quiz!

General Stats

  • This quiz has been taken 718 times
  • The average score is 6 of 16

Answer Stats

HintAnswer% Correct
Wake Me Up Before You Go Go (1984)Wham!
83%
My Generation (1965)The Who
68%
Gettin' Jiggy Wit It (1998)Will Smith
66%
Greatest Love of All (1986)Whitney Houston
62%
Here I Go Again (1987)Whitesnake
54%
It's Raining Men (1982)The Weather Girls
49%
On the Road Again (1980)Willie Nelson
35%
Shut Up and Dance (2015)Walk the Moon
34%
Glad You Came (2011)The Wanted
34%
Everybody Have Fun Tonight (1986)Wang Chung
31%
Hold On (1990)Wilson Phillips
24%
Play That Funky Music (1976)Wild Cherry
22%
One Headlight (1997)The Wallflowers
21%
Gone Till November (1998)Wyclef Jean
13%
Walk the Dinosaur (1987)Was (Not Was)
12%
Rump Shaker (1992)Wreckx-n-Effect
6%

Score Distribution

Percentile by Number Answered

Percent of People with Each Score

Your Score History

You have not taken this quiz